000 00632nam a2200277Ia 4500
005 20260324150936.0
008 008 260324s9999 xx 000 0 eng d
020 _a9780203981337
037 _aEBOOK
040 _aCRL
040 _beng
040 _cCRL
041 _2eng
041 _aeng
084 _qCRL
100 _aRobert Morris Ogden
_91228167
245 0 _aPsychology And Education
260 _bTaylor and Francis
260 _c1926
365 _a
365 _b145
856 _uhttp://www.taylorfrancis.com/books/9780203981337
942 _cEBOOK
999 _c1838467
_d1838467